| 000 | 00560nam a2200241 a 4500 | ||
|---|---|---|---|
| 001 | nice12345678 | ||
| 003 | IN_TiNIC | ||
| 005 | 20260116012245.0 | ||
| 008 | 050524s1954 lona grp 000 0 eng | ||
| 020 |
_a _c100 |
||
| 082 | 0 | 0 |
_a270 _bCHI |
| 100 | _aChirgwin A, M, | ||
| 245 | _aBible in World Evangelism | ||
| 260 |
_aLondon _bScm Press _c1954 |
||
| 300 | _a166p | ||
| 500 | _aincludes index and biblioraphy | ||
| 505 | 2 | _aIndex | |
| 650 | _aChurch-History | ||
| 700 | 1 | _aChirgwin A, M, | |
| 902 | _bSRS | ||
| 942 | _cBK | ||
| 999 |
_c6272 _d6272 |
||